| 000 | 01262nam a2200313 i 4500 | ||
|---|---|---|---|
| 001 | 12252 | ||
| 003 | KOSZ 005 | ||
| 005 | 20220419132148.0 | ||
| 008 | 060531s1959 pl a f 001 0 pol | ||
| 015 | _aPB 1960/477 | ||
| 040 |
_aWA N _cKOSZ 005/RW _dKOSZ 005/RW |
||
| 041 | 1 |
_apol _hger |
|
| 080 | _a62:539 | ||
| 100 | 1 |
_aBroda, Engelbert. _eAutor |
|
| 245 | 1 | 0 |
_aZastosowanie promieniotwórczości w technice / _cEngelbert Broda, Thomas Schönfeld ; [z niem. przeł. Andrzej Kowalew, Stanisław Zasada]. |
| 246 | 1 |
_iTyt. oryg.: _aTechnischen Anwendungen der Radioaktivität. |
|
| 260 |
_aWarszawa : _bPaństwowe Wydawnictwo Naukowe, _c1959. |
||
| 300 |
_a339, [1] s. : _bil. ; _c24 cm. |
||
| 380 | _aKsiążki. | ||
| 500 | _aTyt. oryg.: Die technischen Anwendungen der Radioaktivität, 1957. | ||
| 504 | _aIndeks. | ||
| 650 | 4 |
_aPromieniotwórczość _xstosowanie _xtechnika. |
|
| 700 | 1 |
_aSchönfeld, Thomas _d(1923- ) _eAutor |
|
| 700 | 1 |
_aKowalew, Andrzej. _eTłumaczenie |
|
| 710 | 2 |
_aPaństwowe Wydawnictwo Naukowe _4pbl. |
|
| 700 | 1 |
_aZasada, Stanisław _d(?-2000) _eTłumaczenie |
|
| 856 |
_uhttp://koha.tu.koszalin.pl/cgi-bin/koha/opac-detail.pl?biblionumber=12252 _yKatalog online BPK |
||
| 942 |
_2UKD _cKS |
||
| 999 |
_c12252 _d12252 |
||